• 首页
  • 本馆介绍
  • 公告通知
  • 最新文献
  • 馆藏检索
  • 电子资源
  • 读者导购
  • 参考咨询
  • 我的图书馆
  • 登录
  • 详细信息显示
  • 放入我的书架
  • 预约/预借图书
  • 作者相关作品
  • 分类相关作品
  • 丛书相关作品
  • 出版社相关作品

书目信息

  • 表格格式
  • 工作单格式
  • 卡片格式
题名:
化学计算速解法
    
 
作者: 赵正奇 编译
分册:  
出版信息: 北京   科学出版社  1984
页数: 407页
开本: 19cm
丛书名:
单 册:
中图分类: O6-015
科图分类:
主题词: 化学--理论 , 化学--方法
电子资源:
ISBN:
000 00658nam0 2200241 45
001 0184002235
005 20060420164726.70
010    @dCNY1.60
091    @a13031.2707
100    @a19950421d1984 em y0chiy0121 ea
101 0  @achi
102    @aCN@b110000
105    @ay z 000yy
200 10 @a化学计算速解法@Ahua xue ji suan su jie fa@f赵正奇编译@Fzhao zheng qi bian yi
210    @a北京@c科学出版社@d1984
215    @a407页@d19cm
606 0  @a化学@x理论
606 0  @a化学@x方法
690    @aO6-015@v3
701  0 @a赵正奇@Azhao zheng qi@4编译
801  2 @aCN@bNLC@c20060420
801  0 @aCN@b上海图书馆@c20040519
905    @dO6-015@e151@f1@b123994
    
    化学计算速解法/赵正奇编译.-北京:科学出版社,1984
    407页;19cm
    
    
    ISBN :CNY1.60
    
●
相关链接 在E读中查询图书 在五车中查询图书 在当当中查询图书 在豆瓣中查询图书


正题名:化学计算速解法     索取号:O6-015/151         预约/预借

序号 登录号 条形码 馆藏地/架位号 状态 备注
1 0123085   000339510   第三借阅区/ [索取号:O6-015/151] 在馆    
2 0123983   000339501   第三借阅区/ [索取号:O6-015/151] 在馆    
3 0123984   000339486   第三借阅区/ [索取号:O6-015/151] 在馆    
4 0123986   202253934   密集书库/ [索取号:O6-015/151] 在馆    
5 0123987   202253970   密集书库/ [索取号:O6-015/151] 在馆    
6 0123988   202253854   密集书库/ [索取号:O6-015/151] 在馆    
7 0123989   202253890   密集书库/ [索取号:O6-015/151] 在馆    
8 0123990   202254014   密集书库/ [索取号:O6-015/151] 在馆    
9 0123991   202254050   密集书库/ [索取号:O6-015/151] 在馆    
10 0123992   000339477   第三借阅区/ [索取号:O6-015/151] 在馆    
11 0123993   000339495   第三借阅区/ [索取号:O6-015/151] 在馆    
12 0123994   001933144   第三借阅区/ [索取号:O6-015/151] 在馆    
13 0123995   202100626   第二样本阅览室/ [索取号:O6-015/151] 在馆    
唐山师范学院图书馆 欢迎您!
大连网信软件有限公司© 版权所有